[Event "Estonian-ch Open 2020"]
[Site "Paul Kerese Malemaja"]
[Date "2020.08.12"]
[Round "5.1"]
[White "Seeman, Tarvo"]
[Black "Volodin, Aleksandr"]
[Result "1/2-1/2"]
[WhiteElo "2415"]
[BlackElo "2497"]
[Annotator "ChessBase"]
[PlyCount "42"]
[EventDate "2020.08.09"]
[EventCountry "EST"]
[SourceTitle "playchess.com"]
[Source "ChessBase"]
[SourceQuality "1"]
[TimeControl "40/5400+30:900+30"]

1. Nf3 {[%emt 0:00:00]} c5 {[%emt 0:03:08]} 2. c4 {[%emt 0:00:53]} g6 {[%emt 0:02:40]} 3. d4 {[%emt 0:03:46]} Bg7 {[%emt 0:00:21]} 4. e4 {[%emt 0:01:18]} cxd4 {[%emt 0:15:42]} 5. Nxd4 {[%emt 0:00:07]} Nc6 {[%emt 0:00:35]} 6. Be3 {[%emt 0:00:06]} Nf6 {[%emt 0:00:35]} 7. Nc3 {[%emt 0:00:07]} d6 {[%emt 0:00:27]} 8. Be2 {[%emt 0:02:08]} Bd7 {[%emt 0:00:49]} 9. Qd2 {[%emt 0:03:45]} O-O {[%emt 0:07:30]} 10. O-O {[%emt 0:00:27]} Nxd4 {[%emt 0:02:58]} 11. Bxd4 {[%emt 0:00:06]} Bc6 {[%emt 0:00:06]} 12. f3 {[%emt 0:03:58]} a5 {[%emt 0:00:14]} 13. b3 {[%emt 0:02:16]} Nd7 {[%emt 0:00:32]} 14. Be3 {[%emt 0:00:23]} Nc5 {[%emt 0:00:13]} 15. Rab1 {[%emt 0:01:48]} Be5 {[%emt 0:02:06]} 16. Rfd1 {[%emt 0:05:44]} e6 {[%emt 0:20:13]} 17. Qe1 {[%emt 0:04:58]} Qf6 {[%emt 0:04:35]} 18. Rbc1 {[%emt 0:04:03]} Rfd8 {[%emt 0:00:13]} 19. Bf1 {[%emt 0:10:14]} Bf4 {[%emt 0:04:14]} 20. g3 {[%emt 0:03:32]} Bxe3+ {[%emt 0:00:56]} 21. Qxe3 {[%emt 0:00:06]} e5 {[%emt 0:05:35]} 1/2-1/2

[Event "Estonian-ch Open 2020"]
[Site "Paul Kerese Malemaja"]
[Date "2020.08.12"]
[Round "5.2"]
[White "Chukavin, Kirill"]
[Black "Shishkov, Andrei"]
[Result "1/2-1/2"]
[WhiteElo "2348"]
[BlackElo "2390"]
[Annotator "ChessBase"]
[PlyCount "65"]
[EventDate "2020.08.09"]
[EventCountry "EST"]
[SourceTitle "playchess.com"]
[Source "ChessBase"]
[SourceQuality "1"]
[TimeControl "40/5400+30:900+30"]

1. e4 {[%emt 0:02:12]} c6 {[%emt 0:00:00]} 2. d4 {[%emt 0:05:43]} d5 {[%emt 0:00:00]} 3. Nc3 {[%emt 0:04:55]} dxe4 {[%emt 0:00:00]} 4. Nxe4 {[%emt 0:00:05]} Bf5 {[%emt 0:00:00]} 5. Ng3 {[%emt 0:00:17]} Bg6 {[%emt 0:00:00]} 6. Nh3 {[%emt 0:02:36]} Nd7 {[%emt 0:07:45]} 7. Nf4 {[%emt 0:00:34]} e5 {[%emt 0:02:37]} 8. Nxg6 {[%emt 0:08:04]} hxg6 {[%emt 0:00:31]} 9. dxe5 {[%emt 0:09:06]} Nxe5 {[%emt 0:12:21]} 10. Qe2 {[%emt 0:22:40]} Qe7 {[%emt 0:00:29]} 11. Bd2 {[%emt 0:00:32]} O-O-O {[%emt 0:08:38]} 12. O-O-O {[%emt 0:12:26]} Nf6 {[%emt 0:11:49]} 13. Re1 {[%emt 0:14:37]} Qd7 {[%emt 0:03:05]} 14. Ba5 {[%emt 0:08:23]} Re8 {[%emt 0:00:42]} 15. Qd2 {[%emt 0:01:16]} Qxd2+ {[%emt 0:04:10]} 16. Bxd2 {[%emt 0:00:03]} Bc5 {[%emt 0:00:07]} 17. Ne4 {[%emt 0:01:46]} Nxe4 {[%emt 0:02:57]} 18. Rxe4 {[%emt 0:00:02]} f5 {[%emt 0:01:43]} 19. Re2 {[%emt 0:00:51]} Ng4 {[%emt 0:00:12]} 20. Rxe8+ {[%emt 0:00:34]} Rxe8 {[%emt 0:00:01]} 21. Bc4 {[%emt 0:00:18]} Nxf2 {[%emt 0:02:01]} 22. Re1 {[%emt 0:00:01]} Rxe1+ {[%emt 0:02:07]} 23. Bxe1 {[%emt 0:00:01]} Be3+ {[%emt 0:00:06]} 24. Kb1 {[%emt 0:00:32]} Ng4 {[%emt 0:04:04]} 25. h3 {[%emt 0:00:53]} Ne5 {[%emt 0:01:14]} 26. Be6+ {[%emt 0:00:14]} Kc7 {[%emt 0:04:03]} 27. Bc3 {[%emt 0:00:13]} Kd6 {[%emt 0:01:11]} 28. Bc8 {[%emt 0:00:31]} b5 {[%emt 0:01:55]} 29. Bxe5+ {[%emt 0:00:22]} Kxe5 {[%emt 0:00:04]} 30. Bd7 {[%emt 0:00:11]} Kd5 {[%emt 0:01:36]} 31. Be8 {[%emt 0:00:10]} g5 {[%emt 0:00:12]} 32. Bg6 {[%emt 0:00:05]} Ke5 {[%emt 0:01:08]} 33. Be8 {[%emt 0:00:05]} 1/2-1/2

[Event "Estonian-ch Open 2020"]
[Site "Paul Kerese Malemaja"]
[Date "2020.08.12"]
[Round "5.3"]
[White "Sepp, Olav"]
[Black "Haitin, Ilja"]
[Result "0-1"]
[WhiteElo "2410"]
[BlackElo "2357"]
[Annotator "ChessBase"]
[PlyCount "112"]
[EventDate "2020.08.09"]
[EventCountry "EST"]
[SourceTitle "playchess.com"]
[Source "ChessBase"]
[SourceQuality "1"]
[TimeControl "40/5400+30:900+30"]

1. g3 {[%emt 0:00:00]} Nf6 {[%emt 0:00:00]} 2. Bg2 {[%emt 0:00:06]} g6 {[%emt 0:00:00]} 3. d4 {[%emt 0:02:49]} Bg7 {[%emt 0:00:00]} 4. Nf3 {[%emt 0:08:52]} O-O {[%emt 0:00:00]} 5. O-O {[%emt 0:00:06]} d6 {[%emt 0:00:00]} 6. a4 {[%emt 0:05:03]} c6 {[%emt 0:00:13]} 7. a5 {[%emt 0:01:02]} Nbd7 {[%emt 0:00:07]} 8. Nbd2 {[%emt 0:02:02]} Qc7 {[%emt 0:00:19]} 9. e4 {[%emt 0:06:51]} e5 {[%emt 0:00:50]} 10. Re1 {[%emt 0:02:32]} exd4 {[%emt 0:12:41]} 11. Nxd4 {[%emt 0:00:11]} Re8 {[%emt 0:00:52]} 12. N2b3 {[%emt 0:30:54]} Ne5 {[%emt 0:12:00]} 13. h3 {[%emt 0:06:03]} a6 {[%emt 0:20:50]} 14. f4 {[%emt 0:01:09]} Nc4 {[%emt 0:04:00]} 15. Qd3 {[%emt 0:16:59]} d5 {[%emt 0:06:48]} 16. e5 {[%emt 0:00:23]} Nd7 {[%emt 0:09:39]} 17. Nd2 {[%emt 0:08:56]} Nc5 {[%emt 0:18:28]} 18. Qf1 {[%emt 0:00:15]} Nxd2 19. Bxd2 {[%emt 0:00:01]} Ne4 {[%emt 0:06:48]} 20. Bxe4 {[%emt 0:00:09]} dxe4 {[%emt 0:00:01]} 21. Rxe4 {[%emt 0:00:52]} c5 {[%emt 0:00:08]} 22. Nb3 {[%emt 0:01:25]} Bf5 {[%emt 0:01:50]} 23. Rc4 {[%emt 0:00:11]} Be6 {[%emt 0:02:43]} 24. Rc3 {[%emt 0:01:59]} c4 {[%emt 0:01:11]} 25. Be3 {[%emt 0:00:32]} Bf8 {[%emt 0:00:42]} 26. Bb6 {[%emt 0:01:01]} Qc8 {[%emt 0:00:29]} 27. Nd4 {[%emt 0:00:26]} Bxh3 {[%emt 0:00:57]} 28. Qxc4 {[%emt 0:00:23]} Qd7 {[%emt 0:00:35]} 29. Qd3 {[%emt 0:02:21]} Rac8 {[%emt 0:00:46]} 30. Kh2 {[%emt 0:00:47]} Rxc3 {[%emt 0:00:24]} 31. bxc3 {[%emt 0:00:05]} Bg4 {[%emt 0:00:40]} 32. Re1 {[%emt 0:00:33]} Rc8 {[%emt 0:00:52]} 33. Re3 {[%emt 0:00:25]} Qd5 {[%emt 0:00:32]} 34. Nb3 {[%emt 0:00:54]} Qxd3 {[%emt 0:00:57]} 35. Rxd3 {[%emt 0:00:06]} Bf5 {[%emt 0:00:09]} 36. Re3 {[%emt 0:00:38]} Bxc2 {[%emt 0:00:13]} 37. Nd4 {[%emt 0:00:02]} Ba4 {[%emt 0:00:30]} 38. e6 {[%emt 0:00:51]} fxe6 {[%emt 0:00:25]} 39. Nxe6 {[%emt 0:00:01]} Re8 {[%emt 0:01:04]} 40. g4 {[%emt 0:00:00]} Bd6 {[%emt 0:00:00]} 41. Kg3 {[%emt 0:14:07]} h6 {[%emt 0:09:41]} 42. Kf2 {[%emt 0:01:03]} Bd1 {[%emt 0:05:15]} 43. g5 {[%emt 0:01:36]} h5 {[%emt 0:01:06]} 44. c4 {[%emt 0:01:46]} Kf7 {[%emt 0:01:42]} 45. Nd8+ {[%emt 0:00:11]} Rxd8 {[%emt 0:00:16]} 46. Bxd8 {[%emt 0:00:06]} Bc5 {[%emt 0:00:05]} 47. Bb6 {[%emt 0:00:46]} Bxe3+ {[%emt 0:00:33]} 48. Bxe3 {[%emt 0:00:08]} Ke6 {[%emt 0:00:36]} 49. Kg3 {[%emt 0:00:11]} Bb3 {[%emt 0:00:46]} 50. c5 {[%emt 0:01:09]} Kd5 {[%emt 0:00:27]} 51. f5 {[%emt 0:00:59]} gxf5 {[%emt 0:00:30]} 52. g6 {[%emt 0:00:05]} Ke4 {[%emt 0:00:31]} 53. Bc1 {[%emt 0:00:56]} Be6 {[%emt 0:00:45]} 54. Bd2 {[%emt 0:00:30]} f4+ {[%emt 0:00:27]} 55. Kh4 {[%emt 0:00:20]} f3 {[%emt 0:00:20]} 56. Kg3 {[%emt 0:00:32]} Kd3 {[%emt 0:00:19]} 0-1

[Event "Estonian-ch Open 2020"]
[Site "Paul Kerese Malemaja"]
[Date "2020.08.12"]
[Round "5.4"]
[White "Kiik, Kalle"]
[Black "Vorobjov, Pavel"]
[Result "1-0"]
[WhiteElo "2386"]
[BlackElo "2269"]
[Annotator "ChessBase"]
[PlyCount "63"]
[EventDate "2020.08.09"]
[EventCountry "EST"]
[SourceTitle "playchess.com"]
[Source "ChessBase"]
[SourceQuality "1"]
[TimeControl "40/5400+30:900+30"]

1. c4 {[%emt 0:00:00]} c5 {[%emt 0:00:30]} 2. Nf3 {[%emt 0:00:56]} Nc6 {[%emt 0:00:35]} 3. b3 {[%emt 0:02:43]} Nf6 {[%emt 0:02:04]} 4. Bb2 {[%emt 0:00:10]} e6 {[%emt 0:02:00]} 5. e3 {[%emt 0:02:07]} Be7 {[%emt 0:00:59]} 6. d4 {[%emt 0:01:53]} cxd4 {[%emt 0:00:17]} 7. exd4 {[%emt 0:04:01]} d5 {[%emt 0:00:23]} 8. Nbd2 {[%emt 0:00:51]} O-O {[%emt 0:03:16]} 9. Rc1 {[%emt 0:03:33]} dxc4 {[%emt 0:04:36]} 10. bxc4 {[%emt 0:00:33]} b6 {[%emt 0:00:51]} 11. Bd3 {[%emt 0:00:23]} Bb7 {[%emt 0:05:18]} 12. O-O {[%emt 0:00:15]} Qd6 {[%emt 0:03:00]} 13. Re1 {[%emt 0:06:38]} Rfd8 {[%emt 0:02:24]} 14. Bb1 {[%emt 0:04:31]} Qf4 {[%emt 0:04:50]} 15. Qe2 {[%emt 0:10:46]} Bb4 {[%emt 0:06:32]} 16. Red1 {[%emt 0:07:47]} Qg4 {[%emt 0:11:36]} 17. h3 {[%emt 0:09:04]} Qh5 {[%emt 0:01:25]} 18. Nf1 {[%emt 0:01:34]} Ne7 {[%emt 0:07:57]} 19. d5 {[%emt 0:06:48]} exd5 {[%emt 0:02:12]} 20. Bxf6 {[%emt 0:03:05]} gxf6 {[%emt 0:00:29]} 21. Qb2 {[%emt 0:01:31]} Bd6 {[%emt 0:08:56]} 22. Qxf6 {[%emt 0:00:39]} Ng6 {[%emt 0:01:55]} 23. Ng5 {[%emt 0:04:33]} Rd7 {[%emt 0:05:30]} 24. cxd5 {[%emt 0:04:26]} Bf4 {[%emt 0:02:02]} 25. Ne4 {[%emt 0:11:13]} Bxc1 {[%emt 0:03:50]} 26. Rxc1 {[%emt 0:00:22]} Qh6 {[%emt 0:04:17]} 27. Ne3 {[%emt 0:04:16]} Qf4 {[%emt 0:06:04]} 28. g3 {[%emt 0:02:06]} Qh6 {[%emt 0:06:15]} 29. Rd1 {[%emt 0:00:19]} Qg7 {[%emt 0:01:12]} 30. Nf5 {[%emt 0:00:33]} Qh8 {[%emt 0:00:18]} 31. Qg5 {[%emt 0:02:33]} Kf8 {[%emt 0:03:15]} 32. Nf6 {[%emt 0:00:43]} 1-0

[Event "Estonian-ch Open 2020"]
[Site "Paul Kerese Malemaja"]
[Date "2020.08.12"]
[Round "5.5"]
[White "Kulaots, Kaido"]
[Black "Kanep, Meelis"]
[Result "1/2-1/2"]
[WhiteElo "2524"]
[BlackElo "2465"]
[Annotator "ChessBase"]
[PlyCount "28"]
[EventDate "2020.08.09"]
[EventCountry "EST"]
[SourceTitle "playchess.com"]
[Source "ChessBase"]
[SourceQuality "1"]
[TimeControl "40/5400+30:900+30"]

1. e4 {[%emt 0:00:00]} c5 {[%emt 0:01:09]} 2. Nf3 {[%emt 0:00:00]} d6 {[%emt 0:00:16]} 3. d4 {[%emt 0:00:09]} cxd4 {[%emt 0:00:06]} 4. Nxd4 {[%emt 0:00:05]} Nf6 {[%emt 0:00:04]} 5. Nc3 {[%emt 0:00:07]} g6 {[%emt 0:00:20]} 6. Be3 {[%emt 0:01:17]} Bg7 {[%emt 0:00:56]} 7. f3 {[%emt 0:00:23]} O-O {[%emt 0:00:23]} 8. Qd2 {[%emt 0:00:28]} Nc6 {[%emt 0:00:11]} 9. O-O-O {[%emt 0:04:20]} d5 {[%emt 0:03:35]} 10. exd5 {[%emt 0:04:48]} Nxd5 {[%emt 0:00:25]} 11. Nxc6 {[%emt 0:00:12]} bxc6 {[%emt 0:00:13]} 12. Bd4 {[%emt 0:00:10]} e5 {[%emt 0:01:14]} 13. Bc5 {[%emt 0:00:29]} Be6 {[%emt 0:00:24]} 14. Ne4 {[%emt 0:03:16]} Re8 {[%emt 0:00:20]} 1/2-1/2

[Event "Estonian-ch Open 2020"]
[Site "Paul Kerese Malemaja"]
[Date "2020.08.13"]
[Round "6.1"]
[White "Volodin, Aleksandr"]
[Black "Kanep, Meelis"]
[Result "1-0"]
[WhiteElo "2497"]
[BlackElo "2465"]
[Annotator "TA"]
[PlyCount "129"]
[EventDate "2020.08.09"]
[EventCountry "EST"]
[SourceTitle "playchess.com"]
[Source "ChessBase"]
[SourceQuality "1"]

{[%evp 15,129,27,54,11,23,-1,0,4,32,-11,-11,-7,-10,-20,0,0,0,0,0,-21,-23,-53,-49,-66,-42,-35,-38,-43,0,0,0,0,7,11,10,0,0,0,0,0,0,0,32,41,33,41,29,30,36,18,102,9,12,11,302,313,430,165,406,400,390,249,246,243,227,181,181,182,184,187,204,204,237,198,204,204,337,304,333,299,320,312,216,216,216,216,197,208,440,433,694,694,592,8,8,45,45,45,45,45,45,45,592,588,29973,29974,29980,29980,29980,694,29984,29985,29985,29985,29985,29986]} 1. d4 d5 2. c4 c6 3. Nf3 Nf6 4. e3 Bf5 5. Nc3 e6 6. Nh4 Be4 7. f3 Bg6 8. Qb3 Qc7 9. Nxg6 {D12: Slav Defence: 3 Nf3 Nf6 4 e3 Bf5.} hxg6 10. g3 Nbd7 11. Bd2 {The position is equal.} a6 {[#]} 12. a4 $146 ({Predecessor:} 12. Rc1 dxc4 13. Bxc4 b5 14. Be2 c5 15. f4 Qa7 16. Bf3 Rc8 17. Ne4 Be7 18. Nxc5 Nxc5 19. dxc5 Bxc5 {0-1 (40) Lafortune,E (2112)-Burri,Q (2405) Agen 2018}) 12... Bd6 13. f4 dxc4 14. Bxc4 c5 15. Be2 cxd4 16. exd4 O-O 17. Bf3 Nb6 18. Rc1 Nc4 $1 19. Ne4 Nxe4 20. Rxc4 Nxd2 21. Kxd2 Qa5+ 22. Qc3 Qb6 23. Kc2 a5 24. Kb1 Rad8 25. h4 Bb4 26. Qd3 Be7 27. h5 g5 28. Bd1 Rd6 29. fxg5 Bxg5 30. Bc2 {[%csl Gc2][%cal Rd3h7]} f5 {[#]} 31. g4 $1 $40 {[%cal Rg4f5][%mdl 640] White is up to no good.} Bf6 {[%cal Rf6d4]} (31... fxg4 32. Qh7+) 32. gxf5 Bxd4 {[%csl Gd4][%cal Rb6b2]} 33. Qb3 (33. Bb3 $1 $16 Rxf5 34. Rc8+ Rf8 35. Rxf8+ Kxf8 36. h6 gxh6 37. Rc1) 33... Qxb3 $11 34. Bxb3 Kh7 $2 {[%mdl 8192]} (34... Rxf5 $11 {and Black is okay.} 35. Rxd4 Rxd4 36. Bxe6+ {[%mdl 64] Double Attack} Rf7 $1 {[%mdl 512]}) 35. fxe6 $18 Bf6 {[#]} 36. Rg4 $2 (36. h6 $1 {[%mdl 512]} Be7 (36... gxh6 37. Bc2+) 37. Rc7) 36... Rd2 $2 (36... Re8 {was worth a try.} 37. Rh2 Rb6) 37. Bc2+ Kh8 38. h6 {Threatening mate with hxg7+.} g5 39. Rc4 Re2 40. Rc7 Rxe6 41. Rh7+ Kg8 42. Rxb7 {Bb3 is the strong threat.} Ree8 43. Rf1 Be5 44. Rg1 Bf6 45. Rb5 Rb8 (45... Ra8 $142 46. Rf1 Kh8) 46. Rgxg5+ Bxg5 47. Rxg5+ {[%mdl 4096] Endgame KRR-KRB} Kh8 48. Rxa5 Rf4 49. Ka2 $1 Rc4 50. Bd3 $1 {[%cal Rd3c4]} Rd4 51. Bb5 Rd6 $2 {[#]} (51... Rb6 52. Ra8+ Kh7) 52. Ra6 $1 {[%cal Ra6d6]} Rxa6 (52... Rd2 $142 53. Ka3 Rg2) 53. Bxa6 {KR-KB} Kh7 54. Bd3+ $2 ({White should try} 54. a5 $18 {Strongly threatening Ka3.} Kxh6 55. Bf1) 54... Kxh6 $11 55. a5 {[%cal Ba4a5,Ba5a6,Ba6a7][%mdl 32]} Kg5 56. Ka3 {aiming for Bf1.} Kf4 57. b4 {[%cal Bb2b4,Bb4b5][%mdl 32]} Ke5 58. b5 Kd4 $2 {[%mdl 8192] [#]} (58... Kd6 $14) 59. Kb4 $1 $18 Kd5 60. a6 Kd6 61. Be4 Re8 62. Bc6 (62. Bb7 $142 Re2 63. a7 Rb2+ 64. Kc4 Rc2+ 65. Kb3 Rc1 66. a8=Q Rb1+ 67. Kc3) 62... Re1 63. a7 {White mates.} Rb1+ 64. Kc4 Rc1+ 65. Kb3 {Accuracy: White = 74%, Black = 59%.} 1-0

[Event "Estonian-ch Open 2020"]
[Site "Paul Kerese Malemaja"]
[Date "2020.08.13"]
[Round "6.2"]
[White "Vorobjov, Pavel"]
[Black "Kulaots, Kaido"]
[Result "0-1"]
[WhiteElo "2269"]
[BlackElo "2524"]
[Annotator "ChessBase"]
[PlyCount "78"]
[EventDate "2020.08.09"]
[EventCountry "EST"]
[SourceTitle "playchess.com"]
[Source "ChessBase"]
[SourceQuality "1"]
[TimeControl "40/5400+30:900+30"]

1. c4 {[%emt 0:00:00]} e5 {[%emt 0:00:51]} 2. Nc3 {[%emt 0:00:00]} Bb4 {[%emt 0:00:57]} 3. Nd5 {[%emt 0:00:08]} a5 {[%emt 0:01:12]} 4. a3 {[%emt 0:00:27]} Be7 {[%emt 0:00:45]} 5. d3 {[%emt 0:01:50]} Nf6 {[%emt 0:03:41]} 6. Nf3 {[%emt 0:06:25]} Nxd5 {[%emt 0:00:41]} 7. cxd5 {[%emt 0:00:02]} d6 {[%emt 0:00:14]} 8. e4 {[%emt 0:00:30]} O-O {[%emt 0:01:05]} 9. Be2 {[%emt 0:02:12]} f5 {[%emt 0:10:24]} 10. O-O {[%emt 0:02:16]} Kh8 {[%emt 0:02:46]} 11. exf5 {[%emt 0:01:22]} Bxf5 {[%emt 0:01:59]} 12. Be3 {[%emt 0:01:47]} a4 {[%emt 0:07:55]} 13. b4 {[%emt 0:05:42]} axb3 {[%emt 0:02:29]} 14. Qxb3 {[%emt 0:00:10]} b6 {[%emt 0:00:32]} 15. a4 {[%emt 0:03:06]} Nd7 {[%emt 0:01:16]} 16. a5 {[%emt 0:03:06]} bxa5 {[%emt 0:02:52]} 17. Rfc1 {[%emt 0:12:56]} Nb6 {[%emt 0:02:05]} 18. Ra3 {[%emt 0:06:46]} a4 {[%emt 0:04:20]} 19. Qa2 {[%emt 0:00:44]} Ra5 {[%emt 0:12:10]} 20. Bxb6 {[%emt 0:11:46]} cxb6 {[%emt 0:00:06]} 21. Rxa4 {[%emt 0:00:12]} Bd7 {[%emt 0:01:03]} 22. Ra3 {[%emt 0:03:40]} Bf6 {[%emt 0:13:22]} 23. Rb1 {[%emt 0:11:28]} Qc7 {[%emt 0:00:38]} 24. Rxa5 {[%emt 0:02:37]} bxa5 {[%emt 0:00:08]} 25. Nd2 {[%emt 0:00:16]} a4 {[%emt 0:03:07]} 26. Ne4 {[%emt 0:01:29]} Rb8 {[%emt 0:01:30]} 27. g4 {[%emt 0:04:38]} Bd8 {[%emt 0:03:13]} 28. Ra1 {[%emt 0:03:52]} Rb4 {[%emt 0:05:55]} 29. Qa3 {[%emt 0:02:45]} Qb6 {[%emt 0:01:07]} 30. Kg2 {[%emt 0:00:18]} Bh4 {[%emt 0:05:15]} 31. Bd1 {[%emt 0:06:03]} h5 {[%emt 0:03:31]} 32. Ra2 {[%emt 0:04:46]} hxg4 {[%emt 0:00:25]} 33. Rc2 {[%emt 0:00:22]} Bf5 {[%emt 0:04:38]} 34. Qc1 {[%emt 0:01:34]} Rb1 {[%emt 0:01:45]} 35. Qd2 {[%emt 0:00:57]} a3 {[%emt 0:00:15]} 36. Rc6 {[%emt 0:00:35]} Qb2 {[%emt 0:01:17]} 37. Rc2 {[%emt 0:00:43]} Qd4 {[%emt 0:00:20]} 38. f3 {[%emt 0:00:51]} gxf3+ {[%emt 0:00:30]} 39. Kxf3 {[%emt 0:00:10]} Rxd1 {[%emt 0:00:13]} 0-1

[Event "Estonian-ch Open 2020"]
[Site "Paul Kerese Malemaja"]
[Date "2020.08.13"]
[Round "6.3"]
[White "Haitin, Ilja"]
[Black "Kiik, Kalle"]
[Result "0-1"]
[WhiteElo "2357"]
[BlackElo "2386"]
[Annotator "TA"]
[PlyCount "82"]
[EventDate "2020.08.09"]
[EventCountry "EST"]
[SourceTitle "playchess.com"]
[Source "ChessBase"]
[SourceQuality "1"]

{[%evp 9,82,-8,0,20,25,24,16,3,3,3,3,3,3,3,3,3,3,-1,35,7,7,7,22,20,37,0,0,-10,0,0,0,0,0,0,0,-14,0,-114,-59,-73,-65,-131,-46,-64,-12,-65,0,0,0,-61,-92,-80,-103,-98,-43,-70,-85,-131,-108,-458,-426,-468,-461,-708,-647,-657,-654,-902,-706,-1807,-1624,-1622,-1560,-1451,-1336]} 1. d4 c5 2. d5 g6 3. e4 Bg7 4. Nc3 d6 5. f4 a6 6. a4 {A43: Schmid Benoni.} e6 7. Bc4 Nf6 8. dxe6 {The position is equal.} Bxe6 9. Bxe6 fxe6 10. e5 dxe5 11. Qxd8+ Kxd8 {[#]} 12. Nf3 $146 ({Predecessor:} 12. fxe5 Nfd7 13. Bg5+ Kc7 14. Ne4 Nc6 15. Nf3 Ncxe5 16. Bf4 Rhf8 17. Nxe5 Rxf4 {0-1 (17) Martin Rueda,D (2297)-Bermejo Arruego,L (2188) Collado Villalba 2012}) 12... Nc6 13. fxe5 Nd7 14. Bg5+ Kc7 15. O-O-O h6 16. Be3 Rad8 17. Rhf1 Rhf8 18. Rd6 Ndxe5 19. Rxd8 $1 Nxd8 20. Bxc5 Rf5 $36 {[%mdl 2048] Hoping for ...Nxf3. Black has some pressure.} 21. Ne4 Nxf3 22. gxf3 Be5 23. a5 (23. h4 $11 {remains equal.}) 23... Bf4+ (23... Bxh2 $17 24. Bb6+ Kc8) 24. Kb1 Kc6 25. b4 (25. Bb6 $15 Nf7 26. h3) 25... Nf7 (25... Bxh2 $17 26. Kc1 Nf7) 26. h3 $15 Ng5 (26... Bc7 $15) 27. Nxg5 (27. h4 $11 Nxe4 28. fxe4) 27... Rxg5 $11 {[%mdl 4096] Endgame KRB-KRB} (27... Bxg5 $15 28. Kb2 e5) 28. Re1 Re5 29. Rg1 (29. Rxe5 $1 $11 Bxe5 30. c4) 29... g5 $1 $15 30. Rd1 Rd5 31. Re1 {[#]} e5 ({Black should try} 31... Kd7 $1 $17) 32. Kb2 Rd2 33. Kc3 {[#]} Kd5 $1 34. h4 $2 {[%mdl 8192] White does not recover from this.} (34. Rh1 $17) 34... gxh4 $19 {Black is clearly winning.} 35. Rg1 {intending Rg6.} Ke6 36. Rg4 (36. Rh1 $142 Rh2 37. Rxh2 Bxh2 38. Kd3) 36... Rh2 37. Kd3 h3 {aiming for ...Rd2+.} 38. Rh4 Bg5 39. Re4 Rd2+ 40. Kc3 Rd1 41. Re2 Bf4 {Accuracy: White = 51%, Black = 77%.} 0-1

[Event "Estonian-ch Open 2020"]
[Site "Paul Kerese Malemaja"]
[Date "2020.08.13"]
[Round "6.4"]
[White "Shishkov, Andrei"]
[Black "Sepp, Olav"]
[Result "1-0"]
[WhiteElo "2390"]
[BlackElo "2410"]
[Annotator "ChessBase"]
[PlyCount "47"]
[EventDate "2020.08.09"]
[EventCountry "EST"]
[SourceTitle "playchess.com"]
[Source "ChessBase"]
[SourceQuality "1"]
[TimeControl "40/5400+30:900+30"]

1. d4 {[%emt 0:00:00]} Nf6 {[%emt 0:00:00]} 2. c4 {[%emt 0:00:00]} g6 {[%emt 0:00:00]} 3. Nc3 {[%emt 0:00:00]} Bg7 {[%emt 0:00:00]} 4. e4 {[%emt 0:00:00]} d6 {[%emt 0:00:00]} 5. f3 {[%emt 0:00:00]} O-O {[%emt 0:00:12]} 6. Be3 {[%emt 0:00:00]} a6 {[%emt 0:00:27]} 7. Qd2 {[%emt 0:00:22]} Nbd7 {[%emt 0:00:26]} 8. Nh3 {[%emt 0:00:57]} c5 {[%emt 0:00:15]} 9. d5 {[%emt 0:00:54]} b5 {[%emt 0:00:47]} 10. cxb5 {[%emt 0:08:47]} Qa5 {[%emt 0:00:10]} 11. a4 {[%emt 0:15:09]} Nb6 {[%emt 0:04:47]} 12. Nf2 {[%emt 0:23:19]} Nfd7 {[%emt 0:09:46]} 13. Bh6 {[%emt 0:05:05]} Bxh6 {[%emt 0:21:31]} 14. Qxh6 {[%emt 0:00:02]} Ne5 {[%emt 0:06:46]} 15. h4 {[%emt 0:04:22]} f6 {[%emt 0:06:14]} 16. Qc1 {[%emt 0:02:10]} c4 {[%emt 0:12:33]} 17. f4 {[%emt 0:05:58]} Ned7 {[%emt 0:04:01]} 18. h5 {[%emt 0:04:18]} axb5 {[%emt 0:03:26]} 19. hxg6 {[%emt 0:02:55]} hxg6 {[%emt 0:00:05]} 20. f5 {[%emt 0:01:57]} g5 {[%emt 0:07:02]} 21. Qd1 {[%emt 0:00:45]} Rf7 {[%emt 0:01:08]} 22. Qh5 {[%emt 0:00:18]} Rg7 {[%emt 0:00:07]} 23. Qh8+ {[%emt 0:03:44]} Kf7 {[%emt 0:00:06]} 24. Ng4 {[%emt 0:00:13]} 1-0